000 00394cam a2200169 4500
001 D12121
008 090401t1962 xxu||||| |||| 00| 0 eng d
035 _a(Sirsi) u1283
041 _aeng
100 _aBernasconi, John R
245 _aInventory works and catalogues
260 _aLondon
_bEstates Gazette
_c1962
350 _a0
520 _aShelf 113
942 _n0
948 _c04/03/1997
999 _c85653
_d85653